Introduction to modern analysis

Saved in:
Bibliographic Details
Main Author: Kantorovitz, Shmuel
Format: Book
Language:English
Published: New York : Oxford University, c2003
Subjects:
Tags: Add Tag
No Tags, Be the first to tag this record!

MARC

LEADER 00000nam a2200000 i 4500
001 1/65747
008 071203s2003 eng d
020 |a 0198526563 (hbk.) 
035 |l 10092766 
040 |a GR-MY-UA  |b gre  |e aacr 
041 0 |a eng 
082 0 |a 515  |2 (22) 
100 1 |a Kantorovitz, Shmuel. 
245 1 0 |a Introduction to modern analysis /  |c Shmuel Kantorovitz 
260 |a New York :   |b Oxford University,   |c c2003 
300 |a xii, 434 σ.;  |c 24 εκ. 
504 |a Περιλαμβάνει βιβλιογραφία και ευρετήριο 
650 0 0 |a Mathematical analysis. 
852 |a INST  |b CHIOS  |e 20071203  |h 515 KAN  |p 005200028225  |q 005200028225  |t BK  |y 0 
901 |a BIBL2-2007-3 
909 |a Χ  |b 140657 
922 |a 2ΕΛΗ  |b 200711  |c ΕΠΕΑΕΚ2/ΤΜΟΔ  |d ΕΛΕΥΘΕΡΟΥΔΑΚΗΣ 
970 |a ΒΑΣΙΛΑΚΗ  |b ΝΙΚΗ  |z 2007/12/03